• 首页
  • 本馆介绍
  • 公告通知
  • 最新文献
  • 馆藏检索
  • 电子资源
  • 读者导购
  • 参考咨询
  • 我的图书馆
  • 登录
  • 详细信息显示
  • 放入我的书架
  • 预约/预借图书
  • 作者相关作品
  • 分类相关作品
  • 丛书相关作品
  • 出版社相关作品

书目信息

  • 表格格式
  • 工作单格式
  • 卡片格式
题名:
中国文化与中国设计十讲
    
 
作者: 祝帅 著
分册:  
出版信息: 北京   中国电力出版社  2008.03
页数: 226页
开本: 26cm
丛书名:
单 册:
中图分类: G12 , J06
科图分类:
主题词: 文化研究--中国 , 艺术--设计--研究--中国 , 文化研究 , 艺术
电子资源:
ISBN: 978-7-5083-6403-2
000 00909nam0 2200277 450
001 010010012667
005 20091208154038.18
010    @a978-7-5083-6403-2@dCNY32.00
100    @a20080401d2008 em y0chiy0110 ea
101 0  @achi
102    @aCN@b110000
105    @aa z 000yy
106    @ar
200 1  @a中国文化与中国设计十讲@9zhong guo wen hua yu zhong guo she ji shi jiang@f祝帅著
210    @a北京@c中国电力出版社@d2008.03
215    @a226页@c图@d26cm
330    @a本书旨在深入中国文化与中国艺术结合部,通过艺术设计这一独特的视角,分十个专题呈现中国文化史的某些独特方面,在此基础上展开对“设计本土化”这一当代艺术领域热点话题的讨论。
606 0  @a文化研究@y中国
606 0  @a艺术@x设计@x研究@y中国
606 0  @a文化研究
606 0  @a艺术
690    @aG12@v4
690    @aJ06@v4
701  0 @a祝帅@9zhu shuai@4著
801  0 @aCN@bRENTIAN@c20091208
905    @b20795478-83@dG12@e102@f6
    
    中国文化与中国设计十讲/祝帅著.-北京:中国电力出版社,2008.03
    226页:图;26cm
    
    
    ISBN 978-7-5083-6403-2:CNY32.00
    本书旨在深入中国文化与中国艺术结合部,通过艺术设计这一独特的视角,分十个专题呈现中国文化史的某些独特方面,在此基础上展开对“设计本土化”这一当代艺术领域热点话题的讨论。
●
相关链接 在E读中查询图书 在五车中查询图书 在当当中查询图书 在豆瓣中查询图书


正题名:中国文化与中国设计十讲     索取号:G12/102         预约/预借

序号 登录号 条形码 馆藏地/架位号 状态 备注
1 795478   207954784   第一样本阅览室/ [索取号:G12/102] 在馆    
2 795479   207954793   第四借阅区/ [索取号:G12/102] 在馆    
3 795480   207954800   第四借阅区/ [索取号:G12/102] 在馆    
4 795481   207954819   第四借阅区/ [索取号:G12/102] 在馆    
5 795482   207954828   第四借阅区/ [索取号:G12/102] 在馆    
6 795483   207954837   第四借阅区/ [索取号:G12/102] 在馆    
唐山师范学院图书馆 欢迎您!
大连网信软件有限公司© 版权所有